Match the Benson Boone lyric to the song (easy version) - Statistics

General Stats
  • This quiz has been taken 2,638 times
  • The average score is 12 of 27
Answer Stats
Hint Answer % Correct
I don't wanna say goodbye 'cause this one means forever In The Stars
92%
Maybe you'd be happier with someone else GHOST TOWN
73%
I sit here, painting perfect pictures Work Of Art
71%
Please, stay, I wan't you I need you, oh God Beautiful Things
69%
And talk with me for days, over lousy ____ Coffee Cake
62%
Go ahead and ruin someone else's life Cry
57%
Open up my heart for you, baby I got ____ ROOM FOR 2
53%
Darling if you don't mind, I'll take your hand tonight Before You
52%
I wish I could change my name, I wish I could start again What Was
50%
After I tasted your wine Drunk In My Mind
49%
Won't you come and we can stare at the stars Little Runaway
49%
Baby, it's almost like you need someone Be Someone
48%
I'm gonna call so just let it ring NIGHTS LIKE THESE
48%
Take a moment now, we're too young to drown Slow It Down
48%
If it doesn't make a cut, that just won't close, it wasn't love Let Me Go
46%
I say I'll get better I won't Better Alone
44%
I swear I've known you longer than Forever and a Day
44%
It'd be so ____ if we parted, I don't wanna stay Lovely Darling
41%
You took what you wanted, every promise Empty Heart Shaped Box
39%
And suddenly nothing is the way that it was To Love Someone
35%
All the things that I've been afraid to lose My Greatest Fear
33%
I'm so close to the edge, and I need a ____ Friend
32%
Look at what you did to me Sugar Sweet
31%
I know I'll never find this ____ Love Of Mine
26%
So please, ____ from me What Do You Want
20%
Like I've never been alone, like I've had it all along There She Goes
19%
Won't you hold me while the storm is in my head Hello Love
15%
No matching quizzes found
Score Distribution
Percent of People with Each Score
Percentile by Number Answered
Your Score History
You have not taken this quiz